Skalica

Zobrazenie: Na bielom podklade v zeleno-červenom orámovaní pohľady na obec z diaľky, na rôzne budovy a mariánsky stĺp nachádzajúci sa vedľa farského kostola

Bibliographic Details
Other Authors: Ondrejkovič, Ivan, 1935-1998 (Photographer), Jiroušek, Alexander, 1934-2021 (Photographer), Noga, Milan (fotograf) (Photographer)
Format: Photo
Language:Slovak
PhysicalDescription:1 pohľadnica (5 čiastkových pohľadov) farebná 11 x 15 cm
Published: [Skalica] Grafobal a. s. [1997?]
Subjects:

MARC

LEADER 00000ckm a2200000 a 4500
001 vtls001293947
003 SK-MaSNL
005 20260331203700.0
007 kf co
008 230706q1997 xo g 0kuslo
015 |a SNBG1998/01-00532 
035 |a SNK000245727 
035 |a urn:nbn:sk:snk-km3lw2z 
035 |a 4C240F9A-93B2-41DC-8986-B4136131CE00 
035 |a urn:nbn:sk:snk-km00drlp 
040 |a SNK  |b slo  |c SNK  |e AACR2 
041 0 |a slo 
043 |a e-xo--- 
044 |a xo  |c SK 
072 7 |a 913  |x Regionálna geografia  |2 konspekt 
080 |a 908.437.624(084.121)  |2 1981 
080 |a 913(437.6)  |2 2011 
080 |a 725.94  |2 2011 
080 |a 725.835  |2 2011 
080 |a 726:27-523.42  |2 2011 
080 |a (084.121)  |2 2011 
100 1 |a Ondrejkovič, Ivan,  |d 1935-1998  |4 pht  |9 7599 
245 1 0 |a Skalica  |h grafika  |c foto: Ivan Ondrejkovič, Alexander Jiroušek, Milan Noga 
260 |a [Skalica]  |b Grafobal a. s.  |c [1997?]  |e Skalica  |f Grafobal 
300 |a 1 pohľadnica (5 čiastkových pohľadov)  |b farebná  |c 11 x 15 cm 
500 |a Rok vydania určený na základe prírastkového čísla 
500 |a Názvové údaje prevzaté z obrazovej časti pohľadnice 
520 8 |a Zobrazenie: Na bielom podklade v zeleno-červenom orámovaní pohľady na obec z diaľky, na rôzne budovy a mariánsky stĺp nachádzajúci sa vedľa farského kostola 
650 0 7 |a mariánske stĺpy a piliere  |2 SNKPH  |9 1998 
650 0 7 |a kultúrne domy  |2 SNKPH  |9 73211 
650 0 7 |a kostoly  |2 SNKPH  |9 3023 
651 7 |a Skalica (Slovensko)  |2 SNKPHgeo  |9 25101 
655 7 |a miestne pohľadnice  |2 SNKPH  |9 70510 
700 1 |a Jiroušek, Alexander,  |d 1934-2021  |4 pht  |9 223957 
700 1 |a Noga, Milan  |c (fotograf)  |4 pht  |9 312011 
852 |a Slovenská národná knižnica 
958 |a GBN 
958 |a TL 
958 |a GC 
958 |a OND 
999 |c 973045  |d 974975 
952 |t P60, <03>, [BOOK], {603}  |a SNK  |b SNK  |y PREZ  |7 0  |p 17A1297717  |o snkSP 147887  |i snkPV 147/97  |0 0  |1 0  |4 0  |d 1997-07-09  |f 1  |l 0  |r 2005-01-02 00:00:00  |w 2026-02-24 
952 |t P60, <04>, [BOOK], {604}  |a SNK  |b SNK  |y PREZ  |7 0  |p 17A1297704  |o snkSP 147887 D1  |i snkPV 148/97  |0 0  |1 0  |4 0  |d 1997-07-09  |l 0  |r 2005-01-02 00:00:00  |w 2026-02-24